Spell the Marvel Character #343 - Statistics

General Stats
  • This quiz has been taken 11 times
  • The average score is 10 of 11
Answer Stats
Picture Answer % Correct
Drax
100%
Invisible Woman
100%
Iron Man
100%
Nightcrawler
100%
Old Man Logan
100%
Lockjaw
90%
America Chavez
80%
Diamond Lil
80%
Darkstar
70%
Lockheed
70%
Mercury
70%
No matching quizzes found
Score Distribution
Percent of People with Each Score
Percentile by Number Answered
Your Score History
You have not taken this quiz